Statystyki dla Piłka nożna quiz #71 - Wiedza o Realu Madryt

Kliknij tutaj aby rozwiązać quiz!

Ogólne statystyki

  • Ten quiz został rozwiązany 451 razy
  • Średni wynik to 19 z 50

Statystyki odpowiedzi

ZagadnienieOdpowiedź% Poprawnych
Jak nazywa się stadion Realu Madryt?Estadio Santiago Bernabéu
98%
Jaki przydomek noszą piłkarze Realu Madryt?Los Blancos
88%
Kto jest prezesem Realu Madryt?Florentino Pérez
85%
Ile razy Real wygrał Ligę Mistrzów / Puchar Europy?14
82%
Z którym klubem Real Madryt rozgrywa El Derbi Madrileño?Atletico Madryt
77%
Kto jest sponsorem odzieżowym Realu Madryt od 1998 roku?Adidas
74%
Jak nazywa się trener, który prowadził zespół w sezonie 2022/23?Carlo Ancelotti
70%
W którym roku założono klub?1902
66%
Ile razy Marcelo wygrał Ligę Mistrzów z Realem Madryt?4
60%
Który z polskich piłkarzy miał szanse reprezentować barwy Realu Madryt?Jerzy Dudek
60%
Z jakim numerem debiutował Cristiano Ronaldo w Realu Madryt?9
59%
Który z wymienionych trenerów nigdy nie był trenerem Realu Madryt?Luis Enrique
55%
Ile sezonów w Realu Madryt spędził Cristiano Ronaldo?9
51%
Który z wymienionych piłkarzy ma najwięcej bramek w barwach Realu Madryt?Raúl
50%
Który z wymienionych piłkarzy ma najwięcej występów w barwach Realu Madryt?Iker Casillas
42%
Eden Hazard rozegrał w Realu Madryt 76 spotkań. Ile strzelił w nich bramek?7
39%
Który z wymienionych trenerów nigdy nie był trenerem Realu Madryt?Roberto Mancini
38%
Ile razy Real Madryt wygrał Ligę Europy / Puchar UEFA?2
37%
Który z wymienionych piłkarzy nigdy nie grał w Realu Madryt?Alessandro Nesta
37%
Ile najwięcej zwycięstw w sezonie zanotował Real Madryt?32
36%
Jaka była średnia bramek na mecz Cristiano Ronaldo w barwach Realu Madryt?1,03
35%
Który z wymienionych piłkarzy pojawił się w klubie jako pierwszy?Luís Figo
34%
W którym sezonie Real Madryt przegrał w 1/8 finału Ligi Mistrzów z Ajaxem Amsterdam 1:4?sezon 2018/19
34%
Ile najwięcej zwycięstw na wyjeździe w sezonie zanotował Real Madryt?16
33%
Od którego sezonu Luka Modrić reprezentuje barwy Realu Madryt?2012/13
33%
Ile bramek dla Realu Madryt zdobył Gareth Bale?106
32%
Ile wynosiła wartość transferu Jude Bellinghama z Borussii Dortmund do Realu Madryt w sezonie 2023/24?103,00 mln €
31%
Ile lat miał Arda Güler gdy został sprowadzony do Realu Madryt?18
30%
Ile najwięcej goli w jednym sezonie zdobył Real Madryt?121
28%
Ile wynosiła wartość transferu Angela Di Marii z Realu Madryt do Manchesteru United w sezonie 2014/15?75,00 mln €
28%
Jaka jest pojemność stadionu Realu Madryt?85 454 widzów
28%
Który z wymienionych piłkarzy nie jest wychowankiem Realu Madryt?Isco
28%
Z jakiego klubu do Realu Madryt trafił Sami Khedira?VfB Stuttgart
27%
Z jakiego klubu do Realu Madryt trafił Mesut Özil?Werder Brema
27%
Z jakiego klubu do Realu Madryt trafił Nicolas Anelka?FC Arsenal
24%
Ile najwięcej punktów w sezonie zdobył Real Madryt?100 punktów
23%
Który z wymienionych piłkarzy ma najwięcej bramek w barwach Realu Madryt?Roberto Carlos
23%
Ile dni po transferze do Realu Madryt Raphaël Varane strzelił swoją pierwszą bramkę?3 dni
21%
Ile meczów rozegrał Marco Asensio dla Realu Madryt?191
19%
Który z wymienionych piłkarzy ma najwięcej występów w barwach Realu Madryt?Isco
18%
Jak nazywa się najdłużej pracujący trener Realu Madryt?Miguel Munoz
18%
Który z wymienionych piłkarzy nie jest wychowankiem Realu Madryt?Marco Asensio
16%
Hugo Sanchez rozegrał w barwach Realu 207 spotkań, w których strzelił 164 gole. Kim był z wykształcenia?Dentystą
15%
Który z wymienionych piłkarzy ma najwięcej bramek w barwach Realu Madryt?Gonzalo Higuaín
12%
Który z wymienionych piłkarzy nigdy nie grał w Realu Madryt?Raúl García
12%
Ile występów w barwach Realu Madryt zanotował Casemiro?336
11%
Który z wymienionych piłkarzy ma najwięcej występów w barwach Realu Madryt?Guti
11%
Ile dni na stanowisku trenera Realu Madryt spędził Leo Beenhakker?1095 dni
6%
Jaka jest najdłuższa seria bez porażki na własnym stadionie?121 meczów
6%
Który z wymienionych piłkarzy ma najwięcej występów w barwach Realu Madryt?Luís Figo
5%

Rozkład punktacji

Percentyl według liczby udzielonych odpowiedzi

Procent ludzi z każdym wynikiem

Twoja historia wyników

Nie rozwiązałeś tego quizu